| 000 | 01358cad a22002055a 4500 | ||
|---|---|---|---|
| 001 | L144554 | ||
| 008 | 080728s2008 xxk f 000 0 eng d | ||
| 035 | _a(Sirsi) u144554 | ||
| 041 | 0 | _aeng | |
| 050 | 0 | 4 | _a333.72 $2 18 |
| 110 | 2 |
_aAldersgate Group _95205 |
|
| 245 | 0 | 0 |
_aBetter regulation for a sustainable built environment _h[electronic resource] |
| 260 |
_aLondon _bAldersgate Group _c2008 |
||
| 520 | _aPresents the key issues, evidence and proposals for regulatory action to improve the sustainability of the UK's built environment. Claims that disjointed policy and weak enforcement risk are damaging the credibility of the Government's targets for low-carbon buildings. Finds that despite these ambitious targets, current policy and regulation is fragmented, inconsistent and poorly applied. The report is also critical of how the Government and other public authorities deal with their own estates. Urges the Government to provide serious incentives for improvements to the existing stock, which presents a far bigger opportunity than new buildings. | ||
| 590 | _aKA | ||
| 651 | 4 |
_aUnited Kingdom _y |
|
| 690 | _aENVIRONMENTAL AND LAND CONSULTANCY-ENERGY-ENERGY USE-ENERGY EFFICIENCY | ||
| 856 | 4 | 0 |
_uhttps://www.aldersgategroup.org.uk/public_reports/view_document/8 _zView the report free of charge at www.aldersgategroup.org.uk |
| 942 | _n0 | ||
| 999 |
_c108542 _d108542 |
||